| 000 | 00803cam a22002531 4500 | ||
|---|---|---|---|
| 001 | af 47006285 | ||
| 003 | DLC | ||
| 005 | 20260227110836.0 | ||
| 008 | 810920s1945 xx 000 0 fre | ||
| 010 | _aaf 47006285 | ||
| 035 | _a(OCoLC)14751733 | ||
| 040 |
_aDLC _cDNLM _dDLC |
||
| 042 | _apremarc | ||
| 050 | 0 | 0 |
_aRD131 _b.G484 |
| 060 | 0 | 0 |
_aWO 700 _bG493p 1945 |
| 060 | 0 | 0 | _aFilm 4106 no. 4 |
| 100 | 1 |
_aGinsbourg, Benjamin, _d1897- |
|
| 245 | 1 | 4 |
_aLes plaies septiques; bactériologie, sérothérapie, chimiothérapie. _cPréface du médecin-colonel Raymond ... |
| 260 |
_aParis, _bLe François _c[1945] |
||
| 300 |
_a139, [1] p. _bill. |
||
| 500 | _aAt head of title: B. Ginsbourg. | ||
| 504 | _a"Index bibliographique sommaire": p. [137]-139. | ||
| 500 |
_aMicrofilmed for preservation _5DNLM |
||
| 999 |
_c3481 _d3481 |
||